| 000 | 00362nam a2200157 a 4500 | ||
|---|---|---|---|
| 082 | 0 | 0 |
_a239 _bABD |
| 100 | _aAbdul, Haqq | ||
| 245 | _aKalam-E-Haqq | ||
| 260 |
_aLahore _bMahan Singh Bagh _c1930 |
||
| 300 | _a46p | ||
| 500 | _aincludes index and biblioraphy | ||
| 505 | 2 | _aPlus Some Other Tracts | |
| 650 | _aApologetics | ||
| 700 | 1 | _aAbdul, Haqq | |
| 942 | _cGSB | ||
| 999 |
_c926 _d926 |
||